000 00732nam0a22002291 4500
001 rc\389221
005 20250621065800.0
035 _a(NLR Aleph) 005639230
090 _a6650882
_c6650882
100 _a20030616d1989 |||y0rusy50 ca
101 0 _arus
102 _aRU
105 _ay |||||||||
200 1 _aКартографирование Антарктиды по материалам космических съемок
_fГос. ком. СССР по науке и технике
210 _aМ.
_cБ. и.
_d1989
215 _a[1], 8 с.
_d21
700 1 _aКиенко
_bЮ.П.
_gЮрий Павлович
801 0 _aRU
_bNLR
_gpsbo
801 1 _aRU
_bELAR
_2rusmarc
852 _aNLR
_j89-6/4344
942 _cBOOK
980 _aNB